Normal view MARC view

Entry Topical Term

Number of records used in: 1

001 - CONTROL NUMBER

  • control field: 244662

003 - CONTROL NUMBER IDENTIFIER

  • control field: OSt

005 - DATE AND TIME OF LATEST TRANSACTION

  • control field: 20251107121852.0

008 - FIXED-LENGTH DATA ELEMENTS

  • fixed length control field: 251107|| aca||aabn | a|a d

040 ## - CATALOGING SOURCE

  • Original cataloging agency: OSt
  • Transcribing agency: OSt

150 ## - HEADING--TOPICAL TERM

  • Topical term or geographic name entry element: mattu

670 ## - SOURCE DATA FOUND

  • Source citation: Work cat.: (OSt)119085: SEETHALAXMI (Karkikodi) ಸೀತಾಲಕ್ಷ್ಮಿ (ಕಾರ್ಕಿಕೋಡಿ) 244657, Suvarna sampada: Sadananda suvarnara baduku mattu sadane, 2014